000 01252cam a2200373 a 4500
001 2825095
003 NUST - PNEC
005 20170116180813.0
008 830602s1984 nyu b 000 0 eng
010 _a 83048347
020 _a0060152540 :
_c$15.50
020 _a006091100X (pbk.) :
_c$6.95
040 _aDLC
_cLIBRARY
_dDLC
_dOCoLC
_dDLC
043 _an-us---
050 0 0 _aJK1764
_b.B49 1984
082 0 0 _a361.610973 GAR
_219
100 _93511
_aGartner, Alan
245 0 0 _aBeyond Reagan : alternatives for the '80s /
_cedited by Alan Gartner, Colin Greer, and Frank Riessman.
250 _a1st ed.
260 _aNew York :
_bHarper & Row,
_cc1984.
300 _axiii, 347 p. ;
_c22 cm.
440 2 _aA Social policy book
504 _aIncludes bibliographies.
650 0 _aPolitical participation
_zUnited States.
650 0 _aNational security
_zUnited States.
_xGeneral
651 0 _aUnited States
_xPolitics and government
_y1981-1989.
651 0 _aUnited States
_xEconomic policy
_y1981-1993.
651 0 _aUnited States
_xSocial policy
_y1980-1993.
700 1 _aGartner, Alan.
700 1 _aGreer, Colin.
700 1 _aRiessman, Frank,
_d1924-
906 _a7
_bcbc
_corignew
_d1
_eocip
_f19
_gy-gencatlg
942 _2ddc
_cBK
999 _c63439
_d63439